| 000 | 02049nam a2200457 c 4500 | ||
|---|---|---|---|
| 003 | BLK | ||
| 005 | 20240913141004.0 | ||
| 008 | 180411b bul|||||r ||||||| ||bul|| | ||
| 010 | _aKNG00177362000 | ||
| 020 |
_a978-954-07-3569-6 _bиздат.: Унив. изд. Св. Климент Охридски |
||
| 040 | _aBLK | ||
| 041 |
_aBUL _cBUL |
||
| 072 | 7 |
_2bullib _aН37 _xОбразование. Педагогика Н |
|
| 080 |
_aМетоди и форми на обучение. Вж и 371.64/.69 _b371.3 _x _z371.3 |
||
| 080 |
_aТекстове на пиеси, либрета, партитури и др. _b792.026 _x _z792.026 |
||
| 080 |
_aСамодеен театър _b792.077 _x _z792.077 |
||
| 100 | 1 |
_aВасилева, Радка Емилова _eпърви автор _9375883 |
|
| 700 | 1 |
_aКьосев, Борислав Иванов _eхудож. _9327928 |
|
| 139 |
_aВасилева, Радка Емилова _bВ 24 |
||
| 245 | 1 | 0 |
_aМодел на образователна драма в училище _cРадка Емилова Василева; худож. Борислав Иванов Кьосев. |
| 257 | _aBGR | ||
| 260 |
_аСофия _bУнив. изд. Св. Климент Охридски _c2014 |
||
| 300 |
_a174 с. _bс ил., табл. _c24 см |
||
| 380 | _a3 | ||
| 500 | _aБиблиогр.: с. 173. | ||
| 650 | 4 |
_aОбучение - методи _9245693 |
|
| 650 | 4 |
_aСценично изкуство _9172759 |
|
| 650 | 4 |
_aТеатрална самодейност - България _9250103 |
|
| 650 | 4 |
_aДидактически игри _9280381 |
|
| 653 | _aобучение | ||
| 653 | _aсценична адаптация | ||
| 653 | _aтеатрална самодейност | ||
| 653 | _aдидактически игри | ||
| 659 | _aН | ||
| 852 | _aЦб 275027 | ||
| 856 | 4 |
_qpdf _u |
|
| 856 | 4 |
_qpdf _u |
|
| 942 |
_cKNG _n0 _03 |
||
| 944 |
_aCR _c29.06.2015 _k30531 _lЦветелина Шанова |
||
| 944 |
_aED _c30.05.2016 _kПенка_Димитрова |
||
| 999 |
_c169355 _d169355 |
||